| 000 | 00406nam a2200145Ia 4500 | ||
|---|---|---|---|
| 008 | 230917s9999||||xx |||||||||||||| ||und|| | ||
| 040 |
_e172896 _aMAIN |
||
| 041 | _aEnglish | ||
| 082 | _a891.433721 AM11D | ||
| 100 | _aखान, मुकारब | ||
| 245 | 0 | _aदो गाँव | |
| 260 |
_aजयपुर _bराजस्थान प्रकाशन _c1978 |
||
| 300 | _a229 p. | ||
| 942 | _cHN | ||
| 999 |
_c212872 _d212872 |
||